000 00655nam a22001817a 4500
999 _c192019
_d192019
005 20220909103245.0
010 _aENG-134986
020 _a978-93-86246-68-4
_c500.00
035 _aEN-118518
037 _bDBAD/PUB
082 _a658.4013
100 _aDas, Sudhir Chandra
245 _aConfigrations and predictors of Organizational Effectiveness:
_bScientific Literature Review and Agenda for Future Research/
_cSudhir Chandra Das
260 _aNew Delhi
_bPragatisheel Prakashan
_c2018
270 _aN3/25 First Floor Mohan Garden, Uttam Nagar
_bNew Delhi
_e110059
300 _a150p.
_c21cm(hbk)
942 _2ddc
_cEN
_h658.4013
_mDAS